| 000 | 01451nam0a22003011 4500 | ||
|---|---|---|---|
| 001 | rc\4428333 | ||
| 005 | 20130416155207.9 | ||
| 035 | _a(NLR Aleph) 008310181 | ||
| 090 |
_a8692069 _c8692069 |
||
| 100 | _a20130416d1965 |||y0rusy50 ca | ||
| 101 | 0 | _arus | |
| 102 | _aRU | ||
| 105 | _aa z ||||| | ||
| 200 | 1 |
_aНекоторые вопросы теории и практики обогащения руд на струйных желобах _eДоклад к V Науч.-техн. сессии ин-та Механобр (Июль 1965) _fГос. ком. по черной и цв. металлургии при Госплане СССР. Всесоюз. науч.-исслед. и проектный ин-т мех. обработки полезных ископаемых. Механобр. |
|
| 210 |
_aЛенинград _cБ. и. _d1965 |
||
| 215 |
_a[1], 42 с. _cил. _d28 |
||
| 300 | _aОтпеч. множит. аппаратом | ||
| 300 | _aПеред загл. авт.: Ю.Л. Зубынин, С.И. Полькин, А.Д. Богатов | ||
| 320 | _aБиблиогр.: с. 22-23 | ||
| 333 | _aДля служебного пользования. Экз. № 294 | ||
| 700 | 1 |
_aЗубынин _bЮ. Л. _gЮрий Леонидович |
|
| 701 | 1 |
_aПолькин _bС. И. |
|
| 701 | 1 |
_aБогатов _bА. Д. |
|
| 801 | 0 |
_aRU _bNLR _gpsbo |
|
| 801 | 1 |
_aRU _bELAR _2rusmarc |
|
| 852 |
_aNLR _j65-8/1756 |
||
| 942 | _cBOOK | ||
| 980 | _aNB | ||